000 00734nam a22002297a 4500
005 20240216113653.0
008 240216b ||||| |||| 00| 0 eng d
020 _a9789388028936
040 _cAIMIT LIBRARY
082 _a331.871
_bPADP
100 _aPadhi, P K.
_9151741
245 _aLabour and industrial laws /
_cP K Padhi.
250 _a4th ed.
260 _aNew Delhi :
_bPHI Learning Pvt Ltd ,
_c2023.
300 _axlvi, 930 p.;
_bPB
_c24.5 cm.
650 _aPayment of bonus act
_9151742
650 _aPayment of gratuity act
_9151743
650 _aMinimum wages act
_9151744
650 _aPayment of wages act 1936
_9151745
650 _aEmployees state insurance act 1948
_9151746
942 _2ddc
_cBK
_e4
_k331.871 PADP
999 _c229845
_d229845